| 000 | 01391namaa22003131i 4500 | ||
|---|---|---|---|
| 005 | 20260211105905.0 | ||
| 008 | 260103s1995 ua a|||fr|m|| 000 0 eng d | ||
| 040 |
_aEG-GICUC _beng _cEG-GICUC _dEG-GICUC _erda |
||
| 041 | 0 |
_aeng _beng _bara |
|
| 049 | _aDeposit | ||
| 097 | _aM.Sc | ||
| 099 | _aCai01.13.05.M.Sc.1995.Ma.S. | ||
| 100 | 0 |
_aMaha Mohamed Nabih Mohamed El Said, _epreparation. |
|
| 245 | 1 | 0 |
_aSettlement of shallow foundations resting on reinforced sand due to cyclic loading / _cBy Maha Mohamed Nabih Mohamed El Said; Supervised Dr. Magda M. Abd El Rahman, Dr. Mohamed Ibrahim Amer |
| 246 | 1 | 5 | _aهبوط القواعد المنفصلة المرتكزة على رمل مدعم نتيجة تعرضه لتحميل ترددى |
| 264 | 0 | _c1995. | |
| 300 |
_a108 Pages : _billustrations ; _c25 cm. + |
||
| 336 |
_2rda content _atext |
||
| 337 |
_2rdamedia _aUnmediated |
||
| 338 |
_2rdacarrier _avolume |
||
| 502 | _aThesis (M.Sc.)-Cairo University, 1995 | ||
| 504 | _aBibliography: pages 106 :108 | ||
| 653 | 0 |
_acyclic loading _areinforced sand |
|
| 700 | 0 |
_aMagda M. Abd El Rahman _ethesis advisor. |
|
| 700 | 0 |
_aMohamed Ibrahim Amer _ethesis advisor. |
|
| 900 |
_DDepartment of Civil Eng _FFaculty of Engineering _UCairo University _b1995 _cMaga M. Abd El Rahman _cMohamed Ibrahim Amer _dMaga M. Abd El Rahman |
||
| 905 |
_aNagat _eNourhan |
||
| 942 |
_2ddc _cTH _e21 _n0 |
||
| 999 | _c177328 | ||